[Event "44.Semif. C. ITA Magistrale"]
[Site "Salsomaggiore Terme ITA"]
[Date "1984.11.28"]
[Round "5.12"]
[White "Primavera, Roberto"]
[Black "Luciani, Carlo"]
[Result "1/2-1/2"]
[WhiteElo "2153"]
[BlackElo "2144"]
[Annotator "Gabriele Ballarin"]
[PlyCount "158"]
[EventDate "1984.11.24"]
[EventType "swiss"]
[EventRounds "9"]
[EventCountry "ITA"]

1. e4 e5 2. Nf3 Nc6 3. Nc3 Nf6 4. d4 exd4 5. Nd5 Nxd5 6. exd5 Bb4+ 7. Bd2 Qe7+ 8. Be2 d3 9. cxd3 Bxd2+ 10. Qxd2 Nb4 11. O-O Nxd5 12. d4 O-O 13. Rfe1 Qf6 14. Bc4 Nb6 15. Bd3 g6 16. Re4 d6 17. Rh4 h5 18. Rf4 Qg7 19. Ng5 Nd5 20. Rh4 Bd7 21. Bc4 Ne7 22. Rf4 Bf5 23. Qb4 b6 24. Re1 Nc6 25. Qc3 Na5 26. Bd5 c6 27. Bf3 d5 28. h4 Rae8 29. Rxe8 Rxe8 30. Bxh5 Re7 31. Bg4 Bxg4 32. Rxg4 Qf6 33. Qg3 Nc4 34. h5 Qd6 35. Qxd6 Nxd6 36. hxg6 fxg6 37. Nf3 Re6 38. Ne5 Kg7 39. Nxc6 Nc4 40. Nb4 Nxb2 41. Nxd5 Re1+ 42. Kh2 Nd3 43. Rg3 Rd1 44. Nc3 Rd2 45. Ne4 Rd1 46. d5 Nb4 47. d6 Rd4 48. a3 Rxe4 49. axb4 Rxb4 50. Rd3 Rh4+ 51. Kg3 Rh8 52. Ra3 a5 53. Rb3 a4 54. Rxb6 Ra8 55. d7 a3 56. Ra6 Rd8 57. Rxa3 Rxd7 58. Ra6 Rd2 59. f3 Rb2 60. Kh3 Rc2 61. g3 Rc3 62. Kg4 Rc7 63. Rd6 Rf7 64. f4 Rb7 65. Rd3 Ra7 66. Kf3 Rb7 67. g4 Ra7 68. Rd5 Re7 69. Kg3 Rf7 70. Rd4 Rb7 71. Kh4 Ra7 72. Rd5 Rb7 73. Kg5 Ra7 74. Rd6 Ra5+ 75. f5 gxf5 76. Rd7+ Kf8 77. gxf5 Ra6 78. Rb7 Rc6 79. f6 Rc1 1/2-1/2

[Event "44.Semif. C. ITA Magistrale"]
[Site "Salsomaggiore Terme ITA"]
[Date "1984.11.28"]
[Round "5.13"]
[White "Gasser, Giorgio"]
[Black "Pecci, Pierluigi"]
[Result "0-1"]
[WhiteElo "2034"]
[BlackElo "2017"]
[Annotator "Gabriele Ballarin"]
[PlyCount "72"]
[EventDate "1984.11.24"]
[EventType "swiss"]
[EventRounds "9"]
[EventCountry "ITA"]

1. e4 c5 2. Nc3 Nc6 3. g3 g6 4. Bg2 Bg7 5. d3 e6 6. Be3 d6 7. Nf3 Nd4 8. O-O Ne7 9. Qd2 O-O 10. Bh6 b6 11. Bxg7 Kxg7 12. Nxd4 cxd4 13. Ne2 e5 14. Rac1 Be6 15. c3 dxc3 16. Rxc3 Rc8 17. d4 Rxc3 18. Nxc3 Bc4 19. Rd1 Nc6 20. dxe5 dxe5 21. Qc2 Nd4 22. Qa4 Qc7 23. Nd5 Qc5 24. Ne3 b5 25. Qa5 Be2 26. Ra1 f5 27. exf5 gxf5 28. Qd2 f4 29. Rc1 Qd6 30. Kh1 Qh6 31. Nf1 Bf3 32. Bxf3 Nxf3 33. Rc7+ Kh8 34. Qc1 Qh3 35. Rc3 fxg3 36. fxg3 Ne1 0-1

[Event "44.Semif. C. ITA Magistrale"]
[Site "Salsomaggiore Terme ITA"]
[Date "1984.11.28"]
[Round "5.14"]
[White "Amovilli, Mauro"]
[Black "Iudicello, Marco"]
[Result "1-0"]
[WhiteElo "2082"]
[BlackElo "1973"]
[Annotator "Gabriele Ballarin"]
[PlyCount "51"]
[EventDate "1984.11.24"]
[EventType "swiss"]
[EventRounds "9"]
[EventCountry "ITA"]

1. e4 e5 2. d4 exd4 3. Nf3 d6 4. Nxd4 Nf6 5. Nc3 Be7 6. Bf4 O-O 7. Qd2 Nc6 8. O-O-O Ne5 9. f3 Ng6 10. Be3 a6 11. g4 c5 12. Nf5 Bxf5 13. gxf5 Ne5 14. Qg2 Kh8 15. Bxc5 Qc7 16. Bd4 Rac8 17. f4 Nc6 18. Nd5 Qd8 19. Bc3 Rg8 20. Rg1 Nb8 21. e5 Nxd5 22. Rxd5 Rc6 23. f6 gxf6 24. exf6 Rxc3 25. fxe7 Qc8 26. Qxg8+ 1-0

[Event "44.Semif. C. ITA Magistrale"]
[Site "Salsomaggiore Terme ITA"]
[Date "1984.11.28"]
[Round "5.15"]
[White "Accorsini, Cesare"]
[Black "Gagliardi, Pietro"]
[Result "1/2-1/2"]
[WhiteElo "2035"]
[BlackElo "2058"]
[Annotator "Gabriele Ballarin"]
[PlyCount "35"]
[EventDate "1984.11.24"]
[EventType "swiss"]
[EventRounds "9"]
[EventCountry "ITA"]

1. Nf3 d5 2. g3 Nf6 3. Bg2 Bf5 4. O-O h6 5. c4 c6 6. b3 e6 7. Bb2 Nbd7 8. d3 Be7 9. Nbd2 O-O 10. Re1 a5 11. e4 dxe4 12. dxe4 Bh7 13. e5 Ne8 14. Ne4 Nc5 15. Nxc5 Bxc5 16. Re2 Qb6 17. Bd4 Bxd4 18. Qxd4 1/2-1/2

[Event "44.Semif. C. ITA Magistrale"]
[Site "Salsomaggiore Terme ITA"]
[Date "1984.11.28"]
[Round "5.16"]
[White "Catracchia, Mauro"]
[Black "Mussap, Angelo"]
[Result "0-1"]
[WhiteElo "1900"]
[BlackElo "1900"]
[Annotator "Gabriele Ballarin"]
[PlyCount "80"]
[EventDate "1984.11.24"]
[EventType "swiss"]
[EventRounds "9"]
[EventCountry "ITA"]

1. Nf3 Nf6 2. c4 c5 3. g3 g6 4. Bg2 Bg7 5. Nc3 Nc6 6. O-O O-O 7. b3 Ne4 8. Qc2 Nxc3 9. dxc3 d6 10. Bg5 h6 11. Bd2 Bg4 12. Rad1 Qc8 13. Rfe1 Kh7 14. Nh4 Bf6 15. Bc1 Bh3 16. Bf3 Ne5 17. Bh5 Bxh4 18. gxh4 Bf5 19. Qd2 gxh5 20. Qxh6+ Kg8 21. f4 Ng6 22. e4 Bg4 23. Rd5 Qe6 24. Rg5 Qf6 25. f5 Qxc3 26. Bd2 Qd4+ 27. Be3 Qc3 28. Bd2 Qd4+ 29. Be3 Qg7 30. fxg6 Qxh6 31. gxf7+ Kh7 32. Rg8 Qe6 33. Rf1 Rxg8 34. fxg8=Q+ Rxg8 35. Bg5 Rg6 36. Rf8 Qxe4 37. Rf4 Qe2 38. Rf2 Qd1+ 39. Rf1 Qd4+ 40. Rf2 Bh3 0-1

[Event "44.Semif. C. ITA Magistrale"]
[Site "Salsomaggiore Terme ITA"]
[Date "1984.11.28"]
[Round "5.17"]
[White "Bellatalla, Emilio"]
[Black "Pipitone, Antonio"]
[Result "1-0"]
[WhiteElo "1900"]
[BlackElo "2048"]
[Annotator "Gabriele Ballarin"]
[PlyCount "71"]
[EventDate "1984.11.24"]
[EventType "swiss"]
[EventRounds "9"]
[EventCountry "ITA"]

1. d4 Nf6 2. c4 c5 3. d5 e6 4. Nc3 exd5 5. cxd5 d6 6. e4 g6 7. f3 Bg7 8. Bg5 O-O 9. Qd2 Re8 10. Nge2 b6 11. Ng3 Ba6 12. Bxa6 Nxa6 13. O-O Nc7 14. a4 a6 15. Rae1 b5 16. f4 b4 17. Nd1 h6 18. Bxf6 Bxf6 19. Kh1 Bg7 20. f5 Qh4 21. Rf3 g5 22. f6 g4 23. Rf5 Bxf6 24. Rh5 Bg5 25. Qd3 Re5 26. Rxh4 Bxh4 27. Re2 Bg5 28. Nf5 Rd8 29. Nde3 Bxe3 30. Rxe3 h5 31. g3 a5 32. Re2 Kf8 33. Qe3 Nxd5 34. Qh6+ Ke8 35. Nxd6+ Ke7 36. Nf5+ 1-0

[Event "44.Semif. C. ITA Magistrale"]
[Site "Salsomaggiore Terme ITA"]
[Date "1984.11.28"]
[Round "5.18"]
[White "Minarelli, Guido"]
[Black "Piccardo, Marco"]
[Result "1-0"]
[WhiteElo "2102"]
[BlackElo "2002"]
[Annotator "Gabriele Ballarin"]
[PlyCount "61"]
[EventDate "1984.11.24"]
[EventType "swiss"]
[EventRounds "9"]
[EventCountry "ITA"]

1. d4 f5 2. Nf3 Nf6 3. g3 g6 4. Bg2 Bg7 5. O-O d6 6. c3 O-O 7. Qb3+ e6 8. Ng5 d5 9. Nf3 Nh5 10. Ne5 Nc6 11. Nd3 a5 12. Qd1 b6 13. Nd2 Ba6 14. Nf3 Qe8 15. Re1 h6 16. Nfe5 Nxe5 17. Nxe5 Nf6 18. b3 Nd7 19. Ba3 Rf6 20. Nd3 Rf7 21. f3 e5 22. e4 fxe4 23. fxe4 exd4 24. exd5 Qc8 25. c4 Bb7 26. Bh3 Qd8 27. Be6 c5 28. Rf1 Bf6 29. Qg4 Kg7 30. Bxf7 Kxf7 31. Qxd7+ 1-0

[Event "44.Semif. C. ITA Magistrale"]
[Site "Salsomaggiore Terme ITA"]
[Date "1984.11.28"]
[Round "5.19"]
[White "Bonugli, Carlo"]
[Black "Cordara, Michele"]
[Result "0-1"]
[WhiteElo "1921"]
[BlackElo "2143"]
[Annotator "Gabriele Ballarin"]
[PlyCount "94"]
[EventDate "1984.11.24"]
[EventType "swiss"]
[EventRounds "9"]
[EventCountry "ITA"]

1. e4 Nc6 2. d4 d5 3. Nc3 e6 4. Nf3 Bb4 5. e5 Nge7 6. Bg5 h6 7. Bd2 Nf5 8. a3 Be7 9. Ne2 b6 10. c3 Na5 11. Ng3 g6 12. Bd3 Bd7 13. Ne2 c5 14. Nf4 h5 15. Bxf5 gxf5 16. h4 Rc8 17. g3 Bb5 18. Ng5 Qd7 19. b3 cxd4 20. cxd4 Ba6 21. a4 Nc6 22. Nf3 Nb4 23. Rc1 Nd3+ 24. Nxd3 Bxd3 25. Rc3 Ba6 26. Ng5 Rxc3 27. Bxc3 Qc6 28. Kd2 b5 29. axb5 Qxb5 30. Qf3 Qxb3 31. Ra1 Qc4 32. Ke1 Bb4 33. Rc1 Qxd4 34. Bxb4 Qxb4+ 35. Qc3 Qxc3+ 36. Rxc3 Bc4 37. Nh3 f6 38. Re3 Kf7 39. Nf4 d4 40. Ra3 fxe5 41. Rxa7+ Kf6 42. Nh3 Rb8 43. Ra1 Rb2 44. Rc1 Bb5 45. Ra1 d3 46. Kd1 Bc6 47. Ra3 Bf3+ 0-1

[Event "44.Semif. C. ITA Magistrale"]
[Site "Salsomaggiore Terme ITA"]
[Date "1984.11.28"]
[Round "5.20"]
[White "Fiore, Mario Angelo"]
[Black "Rodella, Franco"]
[Result "1-0"]
[WhiteElo "1986"]
[BlackElo "1910"]
[Annotator "Gabriele Ballarin"]
[PlyCount "57"]
[EventDate "1984.11.24"]
[EventType "swiss"]
[EventRounds "9"]
[EventCountry "ITA"]

1. e4 c6 2. d4 d5 3. exd5 cxd5 4. c4 Nf6 5. Nc3 Nc6 6. Bg5 dxc4 7. d5 Ne5 8. Qd4 Nd3+ 9. Bxd3 cxd3 10. O-O-O Bf5 11. Bxf6 gxf6 12. g4 Bh6+ 13. Kb1 e5 14. Qa4+ Bd7 15. Qe4 d2 16. Nf3 Bf4 17. Nxd2 Bxg4 18. Rhe1 Bxd2 19. Rxd2 Qd7 20. Qb4 Bf5+ 21. Ka1 O-O-O 22. d6 Rhg8 23. Nd5 Rg5 24. Nxf6 Qc6 25. d7+ Kb8 26. Qe7 Qc7 27. Nd5 Qxd7 28. Qxg5 h6 29. Qf6 1-0

[Event "44.Semif. C. ITA Magistrale"]
[Site "Salsomaggiore Terme ITA"]
[Date "1984.11.28"]
[Round "5.21"]
[White "Luppi, Sergio Guido     "]
[Black "Ricca, Roberto"]
[Result "1/2-1/2"]
[WhiteElo "1988"]
[BlackElo "1900"]
[Annotator "Gabriele Ballarin"]
[PlyCount "70"]
[EventDate "1984.11.24"]
[EventType "swiss"]
[EventRounds "9"]
[EventCountry "ITA"]

1. Nf3 c5 2. g3 Nc6 3. Bg2 g6 4. e4 Bg7 5. O-O e5 6. d3 Nge7 7. c3 d5 8. exd5 Nxd5 9. Re1 O-O 10. Nbd2 Kh8 11. Nc4 f6 12. a4 Nb6 13. Be3 Nxc4 14. dxc4 Qe7 15. Nd2 Rd8 16. Qb3 Nd4 17. cxd4 cxd4 18. Nf1 dxe3 19. Nxe3 Rd4 20. Bd5 Qc5 21. Qc3 Bh6 22. b4 Qd6 23. Rad1 Bxe3 24. fxe3 Rxd1 25. Rxd1 Bg4 26. Bf3 Qe6 27. Bxg4 Qxg4 28. Rd6 Rc8 29. c5 Rc6 30. Rd8+ Kg7 31. Qd2 Rc7 32. Qd6 Rf7 33. Qd2 Qe4 34. a5 Qb1+ 35. Kg2 Qe4+ 1/2-1/2

[Event "44.Semif. C. ITA Magistrale"]
[Site "Salsomaggiore Terme ITA"]
[Date "1984.11.28"]
[Round "5.22"]
[White "Donatelli, Giovanni"]
[Black "Valguarnera, Girolamo"]
[Result "0-1"]
[WhiteElo "1900"]
[BlackElo "1999"]
[Annotator "Gabriele Ballarin"]
[PlyCount "44"]
[EventDate "1984.11.24"]
[EventType "swiss"]
[EventRounds "9"]
[EventCountry "ITA"]

1. e4 d5 2. exd5 Qxd5 3. Nc3 Qa5 4. d4 Nc6 5. Nf3 Bg4 6. d5 O-O-O 7. Bd2 Nb4 8. Bc4 Qc5 9. Bb3 Nf6 10. Qe2 Nbxd5 11. O-O-O e6 12. Ne4 Nxe4 13. Qxe4 Bf5 14. Qc4 Qxf2 15. Rhf1 Qxg2 16. Ne5 f6 17. Ba5 fxe5 18. Rxd5 Bc5 19. Qxc5 Qxf1+ 20. Kd2 Qg2+ 21. Kc1 Qf1+ 22. Kd2 Rxd5+ 0-1

[Event "44.Semif. C. ITA Magistrale"]
[Site "Salsomaggiore Terme ITA"]
[Date "1984.11.28"]
[Round "5.23"]
[White "Pernisco, Ermanno"]
[Black "Rossi, Gianpiero"]
[Result "1-0"]
[WhiteElo "2010"]
[BlackElo "2014"]
[Annotator "Gabriele Ballarin"]
[PlyCount "81"]
[EventDate "1984.11.24"]
[EventType "swiss"]
[EventRounds "9"]
[EventCountry "ITA"]

1. e4 c5 2. Nf3 e6 3. d4 cxd4 4. Nxd4 a6 5. Bd3 Nc6 6. Nxc6 dxc6 7. O-O e5 8. a4 Be6 9. Be3 Nf6 10. h3 Bd6 11. a5 O-O 12. Qe2 Re8 13. Rd1 h6 14. Nd2 Qe7 15. Bc4 Bc7 16. Bxe6 Qxe6 17. Bc5 Rad8 18. Nb3 Rxd1+ 19. Rxd1 Rd8 20. Rxd8+ Bxd8 21. Qd3 Be7 22. f3 Nd7 23. Bxe7 Qxe7 24. Nd2 Nf8 25. Nc4 Qc5+ 26. Kf1 Ne6 27. b3 Qd4 28. Qxd4 Nxd4 29. Nd6 Nxc2 30. Nxb7 f6 31. Nc5 Kf8 32. Nxa6 Ke7 33. Nc5 Kd6 34. a6 Kc7 35. Ke2 Kb6 36. Kd2 Nb4 37. Ne6 Nxa6 38. Nxg7 Nc5 39. Kc3 Kb5 40. h4 Nd7 41. h5 1-0

[Event "44.Semif. C. ITA Magistrale"]
[Site "Salsomaggiore Terme ITA"]
[Date "1984.11.29"]
[Round "6.1"]
[White "Drei, Andrea"]
[Black "Mantovani, Renzo"]
[Result "1-0"]
[WhiteElo "2170"]
[BlackElo "2146"]
[Annotator "Gabriele Ballarin"]
[PlyCount "81"]
[EventDate "1984.11.24"]
[EventType "swiss"]
[EventRounds "9"]
[EventCountry "ITA"]

1. e4 c5 2. Nf3 e6 3. d4 cxd4 4. Nxd4 Nf6 5. Nc3 d6 6. Be2 a6 7. f4 Qc7 8. Bf3 Bd7 9. a4 Nc6 10. Nb3 Na5 11. Nxa5 Qxa5 12. Be3 Rc8 13. O-O Be7 14. Qd2 Bc6 15. Rfd1 Qc7 16. a5 Nd7 17. b4 O-O 18. Qf2 Rfe8 19. Rab1 Bf8 20. Be2 Nf6 21. Bb6 Qb8 22. Bd3 e5 23. f5 d5 24. exd5 Bxd5 25. Nxd5 Nxd5 26. f6 Nxf6 27. Bf5 Rc4 28. Bd7 Rf4 29. Qe2 Nxd7 30. Rxd7 Qc8 31. Rc7 Qf5 32. Rxb7 Bxb4 33. Be3 Bc3 34. Bxf4 Qxf4 35. Rb8 Qd4+ 36. Kh1 Qd7 37. Qd3 Bd4 38. c3 g6 39. cxd4 Kg7 40. Rxe8 Qxe8 41. Qxa6 1-0

[Event "44.Semif. C. ITA Magistrale"]
[Site "Salsomaggiore Terme ITA"]
[Date "1984.11.29"]
[Round "6.2"]
[White "Bellia, Fabrizio"]
[Black "Tirabassi, Maurizio"]
[Result "1/2-1/2"]
[WhiteElo "2139"]
[BlackElo "2117"]
[Annotator "Gabriele Ballarin"]
[PlyCount "21"]
[EventDate "1984.11.24"]
[EventType "swiss"]
[EventRounds "9"]
[EventCountry "ITA"]

1. e4 c5 2. Nf3 e6 3. d4 cxd4 4. Nxd4 Nf6 5. Nc3 d6 6. Be2 Be7 7. O-O O-O 8. Kh1 a6 9. f4 Nc6 10. Be3 Bd7 11. Nb3 1/2-1/2

[Event "44.Semif. C. ITA Magistrale"]
[Site "Salsomaggiore Terme ITA"]
[Date "1984.11.29"]
[Round "6.3"]
[White "Simoli, Sergio"]
[Black "Messa, Roberto"]
[Result "0-1"]
[WhiteElo "2155"]
[BlackElo "2337"]
[Annotator "Gabriele Ballarin"]
[PlyCount "122"]
[EventDate "1984.11.24"]
[EventType "swiss"]
[EventRounds "9"]
[EventCountry "ITA"]

1. e4 e6 2. d4 d5 3. Nc3 Bb4 4. e5 Ne7 5. a3 Bxc3+ 6. bxc3 c5 7. Nf3 Bd7 8. a4 Nbc6 9. Be2 Qa5 10. Bd2 f6 11. O-O fxe5 12. dxe5 Qc7 13. Re1 O-O 14. Bd3 h6 15. c4 Be8 16. cxd5 exd5 17. c4 d4 18. Qc1 Bg6 19. Be4 Bxe4 20. Rxe4 Ng6 21. e6 Rae8 22. Qa3 Nd8 23. Rae1 Rf6 24. e7 Rxe7 25. Rxe7 Nxe7 26. Nxd4 Qd6 27. Nf3 Rxf3 28. Qxf3 Qxd2 29. Rd1 Qa5 30. h4 Ndc6 31. Rd7 Ne5 32. Qxb7 Nxd7 33. Qxd7 Ng6 34. Qe6+ Kh7 35. h5 Nf8 36. Qf5+ Kg8 37. Qd5+ Kh8 38. Qf7 Qe1+ 39. Kh2 Qe5+ 40. Kg1 Qa1+ 41. Kh2 Qf6 42. Qxa7 Qxf2 43. a5 Qh4+ 44. Kg1 Qd4+ 45. Kh2 Qd6+ 46. g3 Qd2+ 47. Kg1 Qe1+ 48. Kg2 Qe4+ 49. Kf2 Ne6 50. Qb8+ Kh7 51. Qe8 Qc2+ 52. Ke3 Nd4 53. Qe4+ Qxe4+ 54. Kxe4 Nc6 55. a6 g6 56. Ke3 gxh5 57. Kd2 Kg6 58. Kc3 Kf5 59. Kb3 Kg4 60. Ka4 Kxg3 61. Kb5 h4 0-1

[Event "44.Semif. C. ITA Magistrale"]
[Site "Salsomaggiore Terme ITA"]
[Date "1984.11.29"]
[Round "6.4"]
[White "Anceschi, Vittorio"]
[Black "Benedetti, Fabrizio"]
[Result "1/2-1/2"]
[WhiteElo "2192"]
[BlackElo "2094"]
[Annotator "Gabriele Ballarin"]
[PlyCount "72"]
[EventDate "1984.11.24"]
[EventType "swiss"]
[EventRounds "9"]
[EventCountry "ITA"]

1. e4 c5 2. Nf3 e6 3. d4 cxd4 4. Nxd4 a6 5. Nc3 Qc7 6. Be3 Nf6 7. Bd3 b5 8. f3 Bb7 9. Qd2 Nc6 10. O-O-O Rc8 11. Qf2 Nxd4 12. Bxd4 Bc5 13. Rhe1 Bxd4 14. Qxd4 e5 15. Qe3 O-O 16. g4 d5 17. exd5 Nxd5 18. Nxd5 Bxd5 19. Qxe5 Qxe5 20. Rxe5 Bxf3 21. Rg1 Rfe8 22. Rxe8+ Rxe8 23. a4 Re5 24. axb5 axb5 25. Rg3 Be2 26. Kd2 Bxd3 27. Rxd3 h5 28. Rd4 hxg4 29. Rxg4 g5 30. h4 f6 31. Kd3 Rd5+ 32. Ke3 Kh7 33. c4 bxc4 34. Rxc4 Rb5 35. b4 Kh6 36. hxg5+ fxg5 1/2-1/2

[Event "44.Semif. C. ITA Magistrale"]
[Site "Salsomaggiore Terme ITA"]
[Date "1984.11.29"]
[Round "6.5"]
[White "Palmiotto, Fiorentino"]
[Black "Laco, Giuseppe"]
[Result "1/2-1/2"]
[WhiteElo "2067"]
[BlackElo "2146"]
[Annotator "Gabriele Ballarin"]
[PlyCount "102"]
[EventDate "1984.11.24"]
[EventType "swiss"]
[EventRounds "9"]
[EventCountry "ITA"]

1. d4 d5 2. Nf3 g6 3. g3 Bg7 4. Bg2 c6 5. O-O f6 6. Re1 Nh6 7. e4 dxe4 8. Rxe4 O-O 9. c3 Re8 10. Na3 Nf7 11. Bf4 g5 12. Bd2 Bf5 13. Re1 Nd7 14. Qb3 Qb6 15. Nc4 Qxb3 16. axb3 h5 17. h4 g4 18. Nh2 e5 19. Na5 Rab8 20. f3 Be6 21. fxg4 hxg4 22. dxe5 Nfxe5 23. Be3 a6 24. Rad1 Bf8 25. b4 Rec8 26. Ba7 Ra8 27. Bd4 Rc7 28. b3 Kf7 29. Ra1 Bd5 30. Nc4 Bxc4 31. bxc4 Re8 32. Be4 Be7 33. Kg2 c5 34. bxc5 Bxc5 35. Bf5 Rg8 36. Re4 Rg7 37. Rf1 Bxd4 38. cxd4 Nxc4 39. Be6+ Kf8 40. Bxd7 Rcxd7 41. Rxf6+ Rdf7 42. Rfe6 Re7 43. d5 Rxe6 44. dxe6 b5 45. h5 Nd6 46. Re1 Rh7 47. Nxg4 Rxh5 48. Nf6 Rh8 49. g4 Kg7 50. Nd5 a5 51. Rc1 Rc8 1/2-1/2

[Event "44.Semif. C. ITA Magistrale"]
[Site "Salsomaggiore Terme ITA"]
[Date "1984.11.29"]
[Round "6.6"]
[White "Ventura, Franco"]
[Black "Lantini, Marco"]
[Result "1-0"]
[WhiteElo "2146"]
[BlackElo "2017"]
[Annotator "Gabriele Ballarin"]
[PlyCount "77"]
[EventDate "1984.11.24"]
[EventType "swiss"]
[EventRounds "9"]
[EventCountry "ITA"]

1. c4 Nf6 2. Nc3 c6 3. e4 e5 4. Nf3 Bb4 5. Be2 Qe7 6. Qc2 O-O 7. O-O d6 8. a3 Bc5 9. b4 Bb6 10. Bb2 Ng4 11. Na4 f5 12. Nxb6 axb6 13. d3 Na6 14. Qd2 c5 15. Qg5 Qxg5 16. Nxg5 h6 17. Nf3 f4 18. Bc3 Nf6 19. b5 Nc7 20. a4 Bg4 21. Ra2 Bxf3 22. Bxf3 Kf7 23. Rfa1 Ra7 24. g3 g5 25. gxf4 gxf4 26. Kh1 Rfa8 27. Bd1 Ne6 28. a5 Nd7 29. a6 bxa6 30. Rxa6 Rxa6 31. Rxa6 Nc7 32. Rxa8 Nxa8 33. Bg4 Nf6 34. Bc8 Nc7 35. Kg2 Nce8 36. Ba5 bxa5 37. b6 Nc7 38. bxc7 Ne8 39. Be6+ 1-0

[Event "44.Semif. C. ITA Magistrale"]
[Site "Salsomaggiore Terme ITA"]
[Date "1984.11.29"]
[Round "6.7"]
[White "Pederzoli, Sergio"]
[Black "Amovilli, Mauro"]
[Result "1/2-1/2"]
[WhiteElo "1937"]
[BlackElo "2082"]
[Annotator "Gabriele Ballarin"]
[PlyCount "33"]
[EventDate "1984.11.24"]
[EventType "swiss"]
[EventRounds "9"]
[EventCountry "ITA"]

1. e4 c5 2. Nf3 d6 3. d4 Nf6 4. Nc3 cxd4 5. Nxd4 a6 6. Be2 e5 7. Nf3 Be7 8. O-O h6 9. Be3 O-O 10. Qd3 b5 11. Nd5 Nxd5 12. Qxd5 Qc7 13. Qxa8 Nc6 14. a4 Bb7 15. Qxf8+ Bxf8 16. axb5 axb5 17. Bxb5 1/2-1/2

[Event "44.Semif. C. ITA Magistrale"]
[Site "Salsomaggiore Terme ITA"]
[Date "1984.11.29"]
[Round "6.8"]
[White "Colombo, Paolo"]
[Black "Cerchiari, Fulvio Andrea"]
[Result "0-1"]
[WhiteElo "2022"]
[BlackElo "2040"]
[Annotator "Gabriele Ballarin"]
[PlyCount "42"]
[EventDate "1984.11.24"]
[EventType "swiss"]
[EventRounds "9"]
[EventCountry "ITA"]

1. d4 d5 2. c4 e5 3. dxe5 d4 4. g3 Nc6 5. Nf3 Be6 6. Nbd2 Qd7 7. h3 Nge7 8. Nb3 Ng6 9. Bg2 O-O-O 10. Bg5 Bb4+ 11. Nfd2 Rde8 12. a3 Bxd2+ 13. Qxd2 Ngxe5 14. Nc5 Nxc4 15. Qc2 Qd6 16. Nxe6 Qxe6 17. O-O-O Kb8 18. Rhe1 h6 19. Bxc6 Qxc6 20. Rxd4 Na5 21. Ra4 Nb3+ 0-1

[Event "44.Semif. C. ITA Magistrale"]
[Site "Salsomaggiore Terme ITA"]
[Date "1984.11.29"]
[Round "6.9"]
[White "Pecci, Pierluigi"]
[Black "Passerotti, Pierluigi"]
[Result "0-1"]
[WhiteElo "2017"]
[BlackElo "2248"]
[Annotator "Gabriele Ballarin"]
[PlyCount "78"]
[EventDate "1984.11.24"]
[EventType "swiss"]
[EventRounds "9"]
[EventCountry "ITA"]

1. d4 Nf6 2. c4 e6 3. Nf3 d5 4. Nc3 c6 5. Bg5 dxc4 6. e4 b5 7. e5 h6 8. Bh4 g5 9. Nxg5 hxg5 10. Bxg5 Nbd7 11. g3 Qa5 12. exf6 Ba6 13. h4 O-O-O 14. Qf3 Bb7 15. Bg2 Nb6 16. O-O Rxd4 17. Be3 Rd7 18. Ne4 c5 19. Qe2 b4 20. Rfd1 Bd5 21. h5 Qb5 22. g4 Qc6 23. Bf4 Rg8 24. f3 Kb7 25. g5 Na8 26. Rac1 Nc7 27. Bxc7 Qxc7 28. Qe3 Bd6 29. Nxd6+ Rxd6 30. f4 Kb6 31. h6 Rgd8 32. h7 Rh8 33. Be4 Rd7 34. Kf2 Qd8 35. Re1 Bxe4 36. Qxe4 Rd4 37. Qb1 Rd2+ 38. Re2 Qd4+ 39. Ke1 Rd3 0-1

[Event "44.Semif. C. ITA Magistrale"]
[Site "Salsomaggiore Terme ITA"]
[Date "1984.11.29"]
[Round "6.10"]
[White "Minarelli, Guido"]
[Black "Accorsini, Cesare"]
[Result "1-0"]
[WhiteElo "2102"]
[BlackElo "2035"]
[Annotator "Gabriele Ballarin"]
[PlyCount "49"]
[EventDate "1984.11.24"]
[EventType "swiss"]
[EventRounds "9"]
[EventCountry "ITA"]

1. d4 e6 2. Nf3 Nf6 3. e3 d5 4. Bd3 c5 5. b3 Nc6 6. Nbd2 Be7 7. Bb2 Qa5 8. a3 Bd7 9. O-O cxd4 10. exd4 b5 11. Ne5 Qb6 12. Ndf3 h6 13. Qe2 b4 14. axb4 Nxb4 15. Nxd7 Nxd7 16. Bb5 Rb8 17. Bxd7+ Kxd7 18. Ne5+ Ke8 19. c3 Nc6 20. Ra6 Qxb3 21. Nxc6 Qxb2 22. Qg4 Rb7 23. Qxg7 Rf8 24. Nxe7 Qb5 25. Ng6 1-0

[Event "44.Semif. C. ITA Magistrale"]
[Site "Salsomaggiore Terme ITA"]
[Date "1984.11.29"]
[Round "6.11"]
[White "Rupeni, Franco"]
[Black "Mussap, Angelo"]
[Result "1-0"]
[WhiteElo "2201"]
[BlackElo "1900"]
[Annotator "Gabriele Ballarin"]
[PlyCount "73"]
[EventDate "1984.11.24"]
[EventType "swiss"]
[EventRounds "9"]
[EventCountry "ITA"]

1. e4 e6 2. b3 Nf6 3. e5 Nd5 4. Bb2 Be7 5. Qg4 Bg5 6. Nf3 Bh6 7. c4 Nb4 8. Na3 a5 9. Be2 b6 10. O-O N8c6 11. d4 O-O 12. d5 exd5 13. Qh5 Qe7 14. cxd5 Nxd5 15. g3 Ncb4 16. Rad1 Ba6 17. Bc4 c6 18. Rd4 Kh8 19. Bxa6 Rxa6 20. Nc4 c5 21. Rxd5 Nxd5 22. Rd1 Qe6 23. Nd6 Ne7 24. Nh4 b5 25. f4 Ng8 26. f5 Be3+ 27. Kg2 Qe7 28. f6 gxf6 29. Nhf5 Qe6 30. Nxe3 Ne7 31. Ng4 Nd5 32. Nf5 fxe5 33. Nxe5 f6 34. Re1 Qg8 35. Qh6 Rd8 36. Re4 fxe5 37. Bxe5+ 1-0

[Event "44.Semif. C. ITA Magistrale"]
[Site "Salsomaggiore Terme ITA"]
[Date "1984.11.29"]
[Round "6.12"]
[White "Gagliardi, Pietro"]
[Black "Bellatalla, Emilio"]
[Result "1/2-1/2"]
[WhiteElo "2058"]
[BlackElo "1900"]
[Annotator "Gabriele Ballarin"]
[PlyCount "49"]
[EventDate "1984.11.24"]
[EventType "swiss"]
[EventRounds "9"]
[EventCountry "ITA"]

1. e4 c6 2. d4 d5 3. exd5 cxd5 4. c4 Nf6 5. Nc3 g6 6. cxd5 Nxd5 7. Bb5+ Bd7 8. Bc4 Nb6 9. Bb3 Bg7 10. Nge2 O-O 11. O-O e6 12. Be3 Bc6 13. Rb1 Na6 14. Qd2 Nc7 15. Rbd1 Nbd5 16. Bh6 Qd7 17. Bxg7 Kxg7 18. Rfe1 Rad8 19. Nf4 Nxf4 20. Qxf4 Qd6 21. Qh4 Bd5 22. Re3 Bxb3 23. axb3 Nd5 24. Rh3 h5 25. Qe4 1/2-1/2

[Event "44.Semif. C. ITA Magistrale"]
[Site "Salsomaggiore Terme ITA"]
[Date "1984.11.29"]
[Round "6.13"]
[White "Paoli, Enrico"]
[Black "Primavera, Roberto"]
[Result "0-1"]
[WhiteElo "2190"]
[BlackElo "2153"]
[Annotator "Gabriele Ballarin"]
[PlyCount "44"]
[EventDate "1984.11.24"]
[EventType "swiss"]
[EventRounds "9"]
[EventCountry "ITA"]

1. e4 c5 2. Nc3 g6 3. f4 Bg7 4. Nf3 Nc6 5. Bc4 d6 6. d3 e6 7. f5 gxf5 8. O-O Nge7 9. Bg5 Qb6 10. exf5 Nxf5 11. Ne4 d5 12. g4 dxe4 13. gxf5 exd3 14. fxe6 Ne5 15. exf7+ Kf8 16. Qe1 Bh3 17. Qh4 Qg6 18. Kf2 Nxc4 19. Be7+ Kxf7 20. Qxc4+ Be6 21. Qf4+ Kxe7 22. Qc7+ Ke8 0-1